000 00989cam a2200313 i 4500
001 000005487
003 DO-SdBNP
005 20240503073630.0
007 ta
008 980918s1999 sp b 001 0 spa
020 _a8489163766 (Obra completa)
020 _a8489163448 (v.1)
020 _a8489163456 (v.2)
040 _aDO-SdBNP
_bspa
_cBNPHU
_erda
082 4 _a863.3
_bC419d 1999
_222
100 1 _aCervantes Saavedra, Miguel de,
_d1547-1616
_93070
245 1 0 _aDon Quijote de la Mancha /
_cMiguel de Cervantes ; edición, José Golacheca
264 _aMadrid :
_bJorge A. Mestas,
_c1999.
300 _a2 volúmenes ;
_c19 cm.
336 _2rdacontent
_atexto
_btxt
337 _2rdamedia
_asin mediación
_bn
338 _2rdacarrier
_avolumen
_bnc
490 _aClásicos universales
_v9/10
590 _aInventariado, 2023/BT
650 4 _aNovela española
_91123
650 4 _aLiteratura española
_9632
910 _aValidado. Control de calidad MFF
942 _2ddc
_cLBS1
999 _c5286
_d5286